[Event "Oslo ASKO Hostturnering"]
[Site "Oslo"]
[Date "2005.10.25"]
[Round "4"]
[White "Risberg, Trond"]
[Black "Floten, Asmund"]
[Result "0-1"]
[WhiteElo "952"]
[BlackElo "1256"]
[PlyCount "48"]
[EventDate "2005.09.06"]
[EventType "swiss"]
[EventRounds "7"]
[EventCountry "NOR"]
[SourceTitle "EXT 2009"]
[Source "ChessBase"]
[SourceDate "2008.11.26"]
[SourceVersion "1"]
[SourceVersionDate "2008.11.26"]
[SourceQuality "1"]

1. e4 e5 2. Nf3 Nf6 3. Nc3 d6 4. d3 Be7 5. b3 Nc6 6. Be2 b6 7. Bg5 h6 8. Bxf6 Bxf6 9. Nd5 0-0 10. 0-0 Bb7 11. c4 Rc8 12. Rc1 Nb8 13. Nd2 Bxd5 14. exd5 c6 15. Bg4 Rc7 16. Qf3 Bg5 17. Rc2 cxd5 18. Qxd5 Nc6 19. Ne4 Nb4 20. Qb5 Nxc2 21. f4 Bxf4 22. g3 Be3+ 23. Kh1 Bc5 24. Qa4 Ne3 0-1

[Event "Oslo ASKO Hostturnering"]
[Site "Oslo"]
[Date "2005.09.06"]
[Round "1"]
[White "Fredriksen, Jan Gunnar"]
[Black "Floten, Asmund"]
[Result "1-0"]
[WhiteElo "1824"]
[BlackElo "1256"]
[PlyCount "61"]
[EventDate "2005.09.06"]
[EventType "swiss"]
[EventRounds "7"]
[EventCountry "NOR"]
[SourceTitle "EXT 2009"]
[Source "ChessBase"]
[SourceDate "2008.11.26"]
[SourceVersion "1"]
[SourceVersionDate "2008.11.26"]
[SourceQuality "1"]

1. e4 e5 2. f4 exf4 3. Nf3 Be7 4. Bc4 Bh4+ 5. Kf1 Nh6 6. d4 Bg5 7. h4 Be7 8. Bxf4 Nc6 9. Bxh6 gxh6 10. Qd2 d6 11. Qxh6 Bd7 12. Nc3 Na5 13. Bd3 c5 14. Nd5 Be6 15. Bb5+ Nc6 16. Nxe7 Bc4+ 17. Bxc4 Qxe7 18. dxc5 0-0-0 19. Bd5 Ne5 20. cxd6 Rxd6 21. Qg7 Rf6 22. Qxh8+ Kc7 23. Rh3 Ng4 24. Re1 Qc5 25. Re2 Qd4 26. Ke1 Qxb2 27. Kd2 Qb4+ 28. Kc1 Qa3+ 29. Kb1 Rb6+ 30. Bb3 Qc5 31. Qg7 1-0